<?xml version="1.0" encoding="UTF-8"?>
<marc:record xmlns:marc="http://www.loc.gov/MARC21/slim">
   <marc:leader>00000nam a2200000 a 4500</marc:leader>
   <marc:datafield ind1="1" ind2=" " tag="100">
      <marc:subfield code="a">Hipp, Earl</marc:subfield>
      <marc:subfield code="4">aut</marc:subfield>
      <marc:subfield code="e">Verfasser/-in</marc:subfield>
   </marc:datafield>
   <marc:datafield ind1=" " ind2=" " tag="653">
      <marc:subfield code="a">Stressbewältigung</marc:subfield>
   </marc:datafield>
   <marc:datafield ind1=" " ind2=" " tag="653">
      <marc:subfield code="a">Ratgeber</marc:subfield>
   </marc:datafield>
   <marc:datafield ind1=" " ind2=" " tag="653">
      <marc:subfield code="a">Jugendsachbuch</marc:subfield>
   </marc:datafield>
   <marc:datafield ind1="0" ind2="0" tag="245">
      <marc:subfield code="a">Was wirklich hilft gegen deinen Stress</marc:subfield>
   </marc:datafield>
   <marc:datafield ind1="0" ind2="0" tag="245">
      <marc:subfield code="c">Earl Hipp</marc:subfield>
   </marc:datafield>
   <marc:datafield ind1=" " ind2="1" tag="264">
      <marc:subfield code="a">Mülheim an der Ruhr</marc:subfield>
      <marc:subfield code="b">Verl. an der Ruhr</marc:subfield>
      <marc:subfield code="c">2011</marc:subfield>
   </marc:datafield>
   <marc:datafield ind1="1" ind2=" " tag="490">
      <marc:subfield code="a">Tipps für Teens</marc:subfield>
   </marc:datafield>
   <marc:datafield ind1="1" ind2=" " tag="520">
      <marc:subfield code="a">Angaben aus der Verlagsmeldung

Was WIRKLICH hilft - gegen deinen STRESS Fighting Invisible Tigers / von Earl Hipp

Die Ratgeber dieser Reihe richten sich direkt an die Jugendlichen – und vollbringen das, woran wohlmeinende Erwachsene oft scheitern: Einfühlsam und nie bevormundend vermitteln sie den jungen Menschen bewährte Lösungsstrategien für ihre akuten Probleme, ermuntern aber auch dazu, sich gegebenenfalls kompetente Ansprechpartner zu suchen.
Jedes Buch bietet umfassende Aufklärung zum jeweiligen Thema – immer auf Augenhöhe und durchaus auch einmal mit einem Augenzwinkern. Neben den Hintergründen und zahlreichen Tipps zum Handeln in akuten Fällen, lernen die Jugendlichen hier auch Möglichkeiten der Prävention kennen.
Themen sind u.a.:
• Was ist Stress?
• Wie entsteht er?
• Wie kann ich ihm vorbeugen und was kann ich tun, wenn er ganz akut ist?
</marc:subfield>
   </marc:datafield>
   <marc:datafield ind1=" " ind2=" " tag="020">
      <marc:subfield code="a">9783834608840</marc:subfield>
      <marc:subfield code="9">9783834608840</marc:subfield>
   </marc:datafield>
   <marc:datafield ind1=" " ind2=" " tag="020">
      <marc:subfield code="a">383460884X</marc:subfield>
      <marc:subfield code="9">383460884X</marc:subfield>
   </marc:datafield>
   <marc:datafield ind1=" " ind2=" " tag="300">
      <marc:subfield code="a">134 S.</marc:subfield>
   </marc:datafield>
</marc:record>
